000 00458nam a2200181Ia 4500
001 17571
005 20260306171527.0
008 260306s9999||||xx |||||||||||||| ||und||
041 _aESP
082 _a658.04
_bV21
100 _aValero y Vicente, Antonio
_eAUT
245 0 _aPolítica de empresa:
_bel gobierno de la empresa de negocios
260 _c2011
300 _a155 páginas :
_c
650 _aGEN
654 _aCAN
942 _cLIB
_dJUS
_fJUS
_2ddc
_n
999 _c17571
_d17571